[Event "SUI-ch int"]
[Site "Switzerland"]
[Date "1992.??.??"]
[Round "7"]
[White "Kishnev, Sergey"]
[Black "Horvath, Jozsef"]
[Result "0-1"]
[WhiteElo "2530"]
[BlackElo "2505"]
[Annotator "Ftacnik,L"]
[PlyCount "66"]
[EventDate "1992.??.??"]
[EventType "tourn"]
[EventRounds "11"]
[EventCountry "SUI"]
[EventCategory "8"]
[SourceTitle "CBM 031"]
[Source "ChessBase"]
[SourceDate "1992.12.01"]
[SourceVersion "1"]
[SourceVersionDate "1992.12.01"]
[SourceQuality "1"]

1. d4 Nf6 2. c4 g6 3. Nc3 d5 4. cxd5 Nxd5 5. e4 Nxc3 6. bxc3 Bg7 7. Bb5+ c6 8.
Ba4 b5 9. Bb3 b4 10. Ne2 bxc3 11. Be3 Ba6 12. Rc1 Nd7 13. e5 e6 14. Nxc3 c5 15.
f4 cxd4 16. Qxd4 O-O (16... Bb7 17. Kf2 O-O 18. Rhd1 Qh4+ 19. Kg1 Rfd8 $10 {
Kiselev,S-Krasenkov,M/Katowice op/1992/}) 17. Ne4 (17. Rd1 Qa5 $132) 17... Bb7
18. Rd1 (18. O-O $6 Nxe5 $1 19. Qxd8 (19. fxe5 Qxd4 20. Bxd4 Bxe4 $17) 19...
Rfxd8 20. Nc5 Ng4 21. Nxb7 Rdb8 $1 $17 (21... Nxe3 22. Nxd8 Nxf1 23. Nxe6 Nd2
24. Bd5 $1 Re8 25. Nxg7 Kxg7 26. Rc7 $16)) 18... Qh4+ 19. Bf2 (19. g3 Qh3 $40)
19... Qg4 (19... Qxf4 $4 20. Nf6+ $18) 20. Bg3 Nxe5 $1 21. Nf2 (21. Nc5 Nf3+
22. gxf3 Qxf3 $19) 21... Nf3+ 22. gxf3 Qxf3 23. Qd3 Qc6 $1 (23... Bc3+ 24. Kf1
Qg2+ 25. Ke2 $13) 24. Bc4 (24. Rg1 Bc3+ 25. Ke2 (25. Rd2 Rad8 $19) 25... Ba6
$19) 24... Rad8 25. Qxd8 Bc3+ 26. Ke2 (26. Kf1 Rxd8 (26... Qg2+ 27. Ke2 Bf3+
28. Ke3 Bh5 29. Qxf8+ Kxf8 30. Be2 $13) 27. Rxd8+ Kg7 $40) 26... Qxc4+ 27. Qd3
Qxa2+ 28. Ke3 (28. Rd2 Bxd2 29. Qxd2 Qxd2+ 30. Kxd2 Bxh1 31. Nxh1 Rb8 $19)
28... Ba6 29. Rd2 (29. Qxc3 Qe2+ 30. Kd4 Rd8+ 31. Kc5 Qb5#) 29... Bxd2+ 30.
Qxd2 Qa3+ 31. Ke4 Bb7+ 32. Ke5 f6+ 33. Kxe6 Re8+ {Ftacnik,L} (33... Re8+ 34.
Kxf6 Qe7#) 0-1

[Event "Capablanca Memorial-A"]
[Site "Cuba"]
[Date "1993.??.??"]
[Round "12"]
[White "Vera Gonzalez Quevedo, Reynaldo"]
[Black "Henao, Raul Fernando"]
[Result "1-0"]
[WhiteElo "2515"]
[BlackElo "2405"]
[Annotator "Ftacnik,L"]
[PlyCount "79"]
[EventDate "1993.??.??"]
[EventType "tourn"]
[EventRounds "13"]
[EventCountry "CUB"]
[EventCategory "10"]
[SourceTitle "CBM 036"]
[Source "ChessBase"]
[SourceDate "1993.10.01"]
[SourceVersion "1"]
[SourceVersionDate "1993.10.01"]
[SourceQuality "1"]

1. d4 Nf6 2. c4 g6 3. Nc3 d5 4. cxd5 Nxd5 5. e4 Nxc3 6. bxc3 Bg7 7. Nf3 c5 8.
Rb1 O-O 9. Be2 cxd4 10. cxd4 Qa5+ 11. Bd2 Qxa2 12. O-O Bg4 13. Be3 b6 14. Ra1 (
14. Qd3 $1 Bxf3 $5 (14... Rd8 15. Rfc1 Nd7 16. Ra1 Qe6 17. Ng5 $1 Bxe2 18. Qxe2
Qd6 19. Qa2 $1 e6 20. e5 $1 Nxe5 21. dxe5 Bxe5 $13 {Chernin,A-Horvath,Cs/
HUN-ch/1992/}) 15. Bxf3 e5 16. d5 Qa6 $1 $8 17. Qd2 Nd7 18. Be2 Qa3 19. Bb5 $6
Qd6 20. Qa2 a5 $1 $8 21. Bc6 Rab8 22. Rb5 Rfc8 23. Rfb1 Bf8 {0,5/Sakaev,
K-Novik,M/Moskva op/1992/}) 14... Qb2 (14... Qe6 15. h3 Bxf3 16. Bxf3 a5 $6 {
/\ Na6-b4} 17. e5 Ra7 18. Qb1 $1 $16 Qd7 19. Qxb6 Ra6 20. Qb2 Qd8 21. Qb5 $1 e6
22. Rfb1 a4 23. Rxa4 Rxa4 24. Qxa4 $18 {Chernin,A-Gorjatschkin,W/Neu Isenburg/
1991/}) 15. h3 Bxf3 16. Bxf3 e5 17. d5 Nd7 18. Be2 (18. Qa4 Nc5 19. Bxc5 bxc5
20. d6 Qb4 21. Qa6 Qb6 22. Be2 Rfd8 23. Rfd1 $10 {Gelfand,B-Kamsky,G/Tilburg/
1992/}) 18... Qb4 19. Qb1 Qd6 20. Rc1 Nc5 (20... Rfc8 21. Rxc8+ Rxc8 22. Rxa7
$16) 21. Bxc5 $1 bxc5 22. Ra6 Qb8 23. Qa2 Qb4 24. Bc4 Rab8 (24... Rfb8 25. d6
Rb7 26. Bd5 $18) 25. Rxa7 f5 (25... Qb2 26. Qxb2 Rxb2 27. d6 Rd2 28. Bd5 $18)
26. Qe2 fxe4 (26... f4 27. d6+ Kh8 28. d7 $18) 27. Qxe4 Qb2 (27... Rf4 $5 28.
d6+ (28. Rxg7+ Kxg7 29. Qxe5+ Rf6 $13) 28... Kh8 29. Qe2 (29. Qd5 Qb2 30. Rf1
Qd4 31. d7 Rd8 $13) 29... Rbf8 (29... Qb2 30. Qxb2 Rxb2 31. d7 Rf8 32. Rd1 Bf6
33. Rd5 $16) 30. f3 $16) 28. Rc2 Qb6 $2 (28... Qd4 29. d6+ (29. Qe2 Rb1+ 30.
Kh2 e4 $132) (29. Qxd4 cxd4 30. Ba2 Ra8 (30... d3 31. Rcc7 $18) 31. d6+ Kh8 32.
Rxa8 Rxa8 33. d7 Rd8 34. Rc8 Bf6 35. f3 Kg7 36. Be6 $16) 29... Kh8 30. Qxd4
cxd4 31. Bd5 Rb1+ 32. Kh2 e4 33. d7 e3 $132) 29. d6+ Kh8 30. Rxg7 Qb1+ 31. Kh2
Kxg7 32. Qxe5+ Kh6 (32... Rf6 33. d7 Qb6 34. Rb2 $1 $18) 33. Qe3+ Kg7 34. Qe7+
Kh6 35. Qh4+ Kg7 36. Qe7+ Kh6 37. Qh4+ Kg7 38. Re2 h5 (38... Rfe8 39. Re7+ Rxe7
40. Qxe7+ Kh6 41. Qe3+ Kg7 42. Qe5+ Kh6 43. d7 Qb6 44. g4 g5 45. h4 gxh4 46.
Bf7 Qd8 47. f4 $18) 39. Re7+ Kh8 40. Qg5 1-0

[Event "Beersheba"]
[Site "Beersheba"]
[Date "1992.??.??"]
[Round "9"]
[White "Chernin, Alexander"]
[Black "Alterman, Boris"]
[Result "1-0"]
[WhiteElo "2620"]
[BlackElo "2515"]
[Annotator "Ftacnik,L"]
[PlyCount "85"]
[EventDate "1992.03.??"]
[EventType "schev"]
[EventRounds "3"]
[EventCountry "ISR"]
[SourceTitle "CBM 030"]
[Source "ChessBase"]
[SourceDate "1992.10.01"]
[SourceVersion "1"]
[SourceVersionDate "1992.10.01"]
[SourceQuality "1"]

1. d4 Nf6 2. Nf3 g6 3. c4 Bg7 4. Nc3 d5 5. cxd5 Nxd5 6. e4 Nxc3 7. bxc3 c5 8.
Rb1 O-O 9. Be2 Nc6 10. d5 Ne5 11. Nxe5 Bxe5 12. Qd2 b6 13. f4 Bg7 14. O-O e6
15. dxe6 Bxe6 16. f5 Bc8 17. Qxd8 Rxd8 18. Bg5 f6 19. Bc4+ Kh8 20. Bh4 Bb7 21.
Rbe1 Rd2 22. Rf2 Rad8 {N} (22... Rxf2 23. Kxf2 Re8 24. Bd5 Re7 25. g4 $1 $16 {
Alterman,B-Chuchelov/Berlin/1991/}) 23. Bd5 $5 (23. e5 $3 {(Alterman)} Rxf2 24.
Kxf2 Rd2+ 25. Kf1 fxe5 26. f6 Bf8 27. Rxe5 Bc6 28. Re7 $3 Rd7 29. Be6 $16)
23... Rxf2 24. Kxf2 Bxd5 25. Rd1 Kg8 26. g4 $1 (26. exd5 gxf5 $14) (26. Rxd5 $2
Rxd5 27. exd5 b5 28. Ke3 Kf7 29. Ke4 Ke7 30. Bg3 Kd7 31. h4 gxf5+ 32. Kxf5 a5 {
Chernin,A-Alterman,B/Beersheba (03)/1992/0-1/39/}) 26... Kf7 27. exd5 Bf8 28.
Bg3 gxf5 29. gxf5 Bd6 30. c4 h5 31. Rh1 $5 b5 (31... Bxg3+ 32. hxg3 Rh8 33. Rh4
Ke7 34. g4 $18) 32. cxb5 Bxg3+ 33. hxg3 Rxd5 34. Rxh5 c4 (34... Rd2+ 35. Ke3
Rxa2 36. Rh7+ Kg8 37. Rc7 $18) 35. a4 Kg7 (35... c3 36. Rh7+ Kg8 37. Rc7 Rxf5+
38. Kg2 $18) 36. Rh4 c3 (36... Rc5 37. Ke2 c3 38. Kd1 c2+ 39. Kc1 $18) 37. Rc4
Rd2+ (37... Rxf5+ 38. Kg2 Rd5 39. Rxc3 $18) 38. Ke3 Ra2 39. Rc7+ Kh6 40. Rxa7
Kg5 41. Kd3 c2 42. Kd2 Kxf5 43. b6 1-0

[Event "HUN-ch"]
[Site "Hungary"]
[Date "1992.??.??"]
[Round "9"]
[White "Groszpeter, Attila"]
[Black "Horvath, Csaba"]
[Result "1-0"]
[WhiteElo "2520"]
[BlackElo "2515"]
[Annotator "Ftacnik,L"]
[PlyCount "49"]
[EventDate "1992.12.??"]
[EventType "tourn"]
[EventRounds "11"]
[EventCountry "HUN"]
[EventCategory "11"]
[SourceTitle "CBM 034"]
[Source "ChessBase"]
[SourceDate "1993.06.01"]
[SourceVersion "1"]
[SourceVersionDate "1993.06.01"]
[SourceQuality "1"]

1. d4 Nf6 2. c4 g6 3. Nc3 d5 4. cxd5 Nxd5 5. e4 Nxc3 6. bxc3 Bg7 7. Bb5+ c6 8.
Ba4 b5 9. Bb3 b4 10. Qf3 O-O 11. Ne2 bxc3 12. h4 $5 c5 $6 (12... h5 13. Qg3 e6
$13) 13. h5 cxd4 14. hxg6 e6 (14... hxg6 15. Qg3 d3 (15... Qd6 16. Qh4 Rd8 17.
Qh7+ Kf8 18. Bh6 $18) (15... e6 16. Qh3 Re8 17. Qh7+ Kf8 18. Ba3+ $18) 16. Qxg6
d2+ 17. Bxd2 $1 $18) 15. Qh5 $1 fxg6 16. Qxh7+ Kf7 17. Bh6 Qf6 (17... Rg8 18.
Rh3 $1 $18) 18. Bxg7 $1 Qxg7 19. Nxd4 Re8 20. O-O-O Na6 21. Rd3 $1 Qxh7 22.
Rxh7+ Kf6 23. f4 g5 24. e5+ Kg6 25. Rdh3 (25. Rdh3 gxf4 26. Bc2+ Kg5 27. Rg7#)
1-0

[Event "Candidates (Women)"]
[Site "Shanghai"]
[Date "1992.??.??"]
[Round "14"]
[White "Levitina, Irina S"]
[Black "Chiburdanidze, Maia"]
[Result "0-1"]
[WhiteElo "2415"]
[BlackElo "2505"]
[Annotator "Ftacnik,L"]
[PlyCount "56"]
[EventDate "1992.10.??"]
[EventType "tourn"]
[EventRounds "18"]
[EventCountry "CHN"]
[EventCategory "7"]
[SourceTitle "CBM 033"]
[Source "ChessBase"]
[SourceDate "1993.04.01"]
[SourceVersion "1"]
[SourceVersionDate "1993.04.01"]
[SourceQuality "1"]

1. d4 Nf6 2. c4 g6 3. Nc3 d5 4. cxd5 Nxd5 5. e4 Nxc3 6. bxc3 Bg7 7. Be3 c5 8.
Qd2 Qa5 9. Rb1 b6 10. Bb5+ Bd7 11. Bc4 (11. Bd3 cxd4 (11... Nc6 12. Nf3 O-O 13.
Rc1 e6 14. d5 exd5 15. exd5 Ne5 16. Nxe5 Bxe5 17. c4 Qxd2+ 18. Kxd2 f5 19. f4
Bf6 20. Rhe1 Rfe8 21. Bf2 Kf7 22. g3 Rxe1 23. Rxe1 Re8 24. Rc1 $10 {Tunik,
G-Atalik,S/Budapest GM/1992/}) 12. cxd4 Nc6 13. Ne2 O-O 14. Qxa5 Nxa5 15. Kd2
f5 16. f3 e5 17. d5 f4 18. Bf2 Rfc8 19. Ba6 Rd8 20. Bh4 Rf8 21. Rhc1 Bf6 22.
Bxf6 Rxf6 23. Rc7 Rf7 24. Nc1 $14 {Karpov,An-Krasenkov,M/Moscow 25'/1992/}) (
11. Be2 Nc6 12. Nf3 O-O (12... Rd8 13. Rc1 cxd4 14. cxd4 Qxd2+ 15. Kxd2 f5 16.
exf5 gxf5 17. g3 O-O 18. Rhd1 Kh8 19. Ke1 Nb4 20. Rc7 a5 21. Rb1 Nd5 22. Ra7
Be6 23. Ne5 Rd6 24. Bd2 $14 {Karpov,An-Timman,J/Moscow Alekhine/1992/}) 13. Rc1
cxd4 14. cxd4 Qxd2+ (14... Rfc8 15. Qxa5 Nxa5 16. Kd2 b5 17. Rxc8+ Rxc8 18. Rc1
Nc4+ 19. Bxc4 bxc4 20. Kc3 e6 21. Nd2 Bb5 22. Rb1 a6 23. e5 f5 24. exf6 $10 {
Piskov,Y-Dvoirys,S/Helsinki op (08)/1992/}) 15. Kxd2 e6 16. Bb5 Rac8 17. a4
Rfd8 18. Bg5 f6 19. Be3 Nb8 20. Ke2 Kf7 21. Bf4 a6 22. Bxd7 Nxd7 23. Nd2 Bf8
24. Nc4 $14 {Karpov,An-Gulko,B/Moscow 15'/1992/}) (11. Bxd7+ Nxd7 12. Ne2 O-O
13. O-O Rfd8 14. d5 Ne5 15. Bg5 Rd7 16. Qc2 h6 17. Bf4 Nc4 18. Rbd1 Rad8 19. h4
b5 20. h5 g5 21. Bc1 e6 22. f4 gxf4 23. Bxf4 exd5 24. exd5 $13 {Tunik,G-Dekic,
J/Budapest Spring op/1992/}) 11... Nc6 12. Ne2 O-O (12... cxd4 13. cxd4 Qxd2+
14. Kxd2 O-O 15. Rhc1 $14) 13. Rd1 b5 14. Bd5 (14. Bb3 c4 15. Bc2 Qxa2 $15)
14... e6 15. Bxc6 Bxc6 16. d5 (16. f3 Rfd8 17. O-O b4 18. cxb4 Qxb4 $15) 16...
exd5 17. exd5 Rfd8 18. c4 (18. Bxc5 Rxd5 19. Bd4 Re8 $17) 18... Qa4 (18...
Qxd2+ 19. Rxd2 Bb7 20. cxb5 Bxd5 21. Bxc5 Bxg2 22. Rg1 $132) 19. Qc1 Bb7 20.
cxb5 (20. Bxc5 bxc4 $17) 20... Qxa2 21. Rd2 (21. Qxc5 Bxd5 $17) 21... Qa5 22.
O-O (22. Qxc5 Rxd5 $17) 22... Qxb5 23. Rfd1 (23. Qxc5 Qxc5 24. Bxc5 Rxd5 $17)
23... Rac8 24. Qc2 a5 25. Rb1 Qa6 26. Qb3 Bxd5 27. Qd1 (27. Rxd5 Rxd5 28. Qxd5
Qxe2 29. Bxc5 $140 Qc2 $19) 27... Qa8 28. Nf4 Be4 0-1

[Event "Moscow Alekhine op"]
[Site "Moscow"]
[Date "1992.??.??"]
[Round "?"]
[White "Shcherbakov, Ruslan"]
[Black "Novik, Maxim"]
[Result "1/2-1/2"]
[WhiteElo "2530"]
[BlackElo "2430"]
[Annotator "Ftacnik,L"]
[PlyCount "58"]
[EventDate "1992.10.??"]
[EventType "swiss"]
[EventRounds "9"]
[EventCountry "RUS"]
[SourceTitle "CBM 033"]
[Source "ChessBase"]
[SourceDate "1993.04.01"]
[SourceVersion "1"]
[SourceVersionDate "1993.04.01"]
[SourceQuality "1"]

1. d4 Nf6 2. c4 g6 3. Nc3 d5 4. cxd5 Nxd5 5. e4 Nxc3 6. bxc3 Bg7 7. Be3 c5 8.
Qd2 Qa5 9. Rb1 a6 10. Rc1 cxd4 11. cxd4 Qxd2+ 12. Kxd2 Nc6 (12... O-O 13. Nf3 (
13. Bd3 f5 14. f3 Nc6 15. Ne2 fxe4 16. fxe4 Bg4 17. d5 Ne5 18. Nd4 Nxd3 19.
Kxd3 Rac8 20. a4 Bd7 21. a5 Be5 22. h3 Kg7 23. Rxc8 Rxc8 24. Rb1 $14 {
Sherbakov,R-Lhagvasuren,C/Cheliabinsk/1991/}) 13... e6 14. Bc4 (14. Bd3 Nc6 15.
Ke2 (15. Rc4 Bd7 16. h4 Rfc8 17. h5 Na5 18. Rxc8+ Rxc8 19. h6 Bh8 20. Rc1 Rxc1
21. Kxc1 Nc6 22. Kd2 Bf6 23. Kc3 Bd8 24. d5 $14 {Epishin,V-Fernandez,JL/
URS-ESP tt/1991/}) 15... Rd8 16. e5 Bd7 17. Bg5 Rdc8 18. Rb1 b5 19. Rhc1 h6 20.
Be3 Ne7 21. Nd2 Bf8 22. Ne4 Nd5 23. Bd2 Kg7 24. h4 $13 {Lugovoi,A-Maslov,E/St.
Petersburg-chop/1992/}) (14. Be2 f5 15. exf5 gxf5 16. g3 Nc6 17. Rhd1 Bd7 18.
Ke1 Rfc8 19. Ng5 Nb4 20. Bc4 Nd5 21. Bxd5 exd5 22. Rc5 h6 23. Nh3 Rxc5 24. dxc5
$10 {Ibragimov,I-Krasenkov,M/URS-ch58 (01)/1991/}) 14... Nc6 15. Ke2 (15. Rhd1
Bd7 16. Ke1 Na5 17. Be2 Rfc8 18. Bd2 Nc6 19. Bc3 Na7 20. Bd2 Nb5 21. e5 Bc6 22.
a4 Na7 23. Ra1 Bd5 24. Kf1 $10 {Karpov,An-Kamsky,G/Tilburg (12)/1991/}) 15...
Bd7 16. d5 exd5 17. Bxd5 Nb4 18. Bc4 Rfc8 19. Nd2 Bb5 20. Bxb5 axb5 21. Rxc8+
Rxc8 22. a3 Nc2 23. Rc1 Bf8 24. Nb1 $15 {Dzevlan,M-Engsner,J/Rilton Cup op (01)
/1992/}) 13. d5 (13. Nf3) 13... Nd4 14. f4 e6 15. d6 Nc6 16. e5 (16. Nf3 O-O (
16... e5 17. fxe5 Nxe5 18. Rc7) 17. Bd3 Rd8) 16... f6 17. exf6 Bxf6 18. Nf3 O-O
19. Ng5 (19. Bc4 Rd8 20. Bc5 Be7) 19... Bxg5 20. fxg5 Bd7 21. Bd3 Rac8 22. Be4
(22. Bb6 Nb4 $1 $10) 22... b5 23. h4 Ne5 24. h5 Nc4+ 25. Ke2 Bc6 (25... Nxd6
26. hxg6 hxg6 27. Bxg6 $16) 26. Bxc6 Rxc6 27. hxg6 hxg6 28. d7 Rd8 29. Rcd1
Nxe3 (29... Nxe3 30. Kxe3 Rc7 31. Rd6 $10) 1/2-1/2

[Event "Belgrade IKO"]
[Site "Belgrade"]
[Date "1992.??.??"]
[Round "1"]
[White "Iashvili, Akaki"]
[Black "Ilincic, Zlatko"]
[Result "0-1"]
[WhiteElo "2455"]
[BlackElo "2445"]
[Annotator "Ftacnik,L"]
[PlyCount "60"]
[EventDate "1992.07.??"]
[EventType "tourn"]
[EventRounds "13"]
[EventCountry "YUG"]
[EventCategory "10"]
[SourceTitle "CBM 031"]
[Source "ChessBase"]
[SourceDate "1992.12.01"]
[SourceVersion "1"]
[SourceVersionDate "1992.12.01"]
[SourceQuality "1"]

1. d4 Nf6 2. c4 g6 3. Nc3 d5 4. cxd5 Nxd5 5. e4 Nxc3 6. bxc3 Bg7 7. Nf3 O-O 8.
Be2 c5 9. Rb1 Nc6 10. d5 Bxc3+ 11. Bd2 Bxd2+ 12. Qxd2 Na5 13. Qc3 {N} (13. O-O)
(13. h4) 13... b6 14. Rd1 f6 (14... Bg4 15. e5 $44) 15. h4 (15. e5 fxe5 16.
Nxe5 Qd6 17. O-O $13) 15... Bg4 16. Ng5 $6 (16. h5 Bxh5 17. e5 $40) 16... Qd7 (
16... Bxe2 17. Ne6 Qd6 18. Kxe2 $44) 17. Nxh7 $2 (17. Bxg4 Qxg4 18. Ne6 Qxe4+
19. Kf1 Rf7 $17) (17. Ne6 Bxe6 18. dxe6 Qxe6 $17) (17. f3 $5 fxg5 18. fxg4 gxh4
19. Rxh4 $15) 17... Bxe2 18. Nxf8 Qg4 $1 19. Rd2 (19. f3 Qxg2 20. Ne6 Bxd1 $19)
19... Ba6 20. f3 (20. Ne6 Qxg2 $19) 20... Qg3+ 21. Kd1 Rxf8 $19 22. h5 Nc4 23.
Re2 Nd6 24. Rc2 Bb5 25. Rh3 Qg5 26. Rf2 (26. hxg6 Ba4 $19) 26... Bd7 27. Rh1
Qg3 28. Qd2 g5 29. Kc1 Nc4 30. Qe2 Qe5 {Ftacnik,L} (30... Qe5 31. Qxc4 Qa1+ 32.
Kd2 Qxh1 $19) 0-1

[Event "Helsinki op"]
[Site "Helsinki"]
[Date "1992.??.??"]
[Round "2"]
[White "Dokhoian, Yury"]
[Black "Dvoirys, Semen I"]
[Result "0-1"]
[WhiteElo "2505"]
[BlackElo "2570"]
[Annotator "Ftacnik,L"]
[PlyCount "96"]
[EventDate "1992.09.??"]
[EventType "swiss"]
[EventRounds "9"]
[EventCountry "FIN"]
[SourceTitle "CBM 032"]
[Source "ChessBase"]
[SourceDate "1993.02.01"]
[SourceVersion "1"]
[SourceVersionDate "1993.02.01"]
[SourceQuality "1"]

1. d4 Nf6 2. c4 g6 3. Nc3 d5 4. cxd5 Nxd5 5. e4 Nxc3 6. bxc3 Bg7 7. Be3 c5 8.
Qd2 Qa5 9. Rb1 b6 10. Rb5 Qa4 11. Rb2 Ba6 $1 $146 (11... O-O 12. Bb5 Qa5 13.
Nf3 Bb7 (13... Bd7 14. Be2 cxd4 15. cxd4 Nc6 16. O-O e6 17. Qc2 Rfc8 18. Qb1
Qa3 19. Rb3 Qe7 $10 {Malaniuk-Dvoirys/Ljubljana/1992/}) 14. Bh6 $6 (14. Bd3
cxd4 15. cxd4 Qxd2+ 16. Rxd2 Nc6 $10) 14... Bxe4 15. Bxg7 Kxg7 16. Ne5 Bd5 17.
dxc5 Rd8 18. O-O a6 19. Be8 Qxc5 20. Bxf7 $2 Nc6 $1 $19 {Volzhin-Gurevich,I/
London/1992/}) 12. Bxa6 Nxa6 13. Ne2 (13. f3) 13... e5 $1 14. O-O Rd8 15. Qd1
Qc4 16. Rd2 O-O 17. f3 exd4 18. cxd4 cxd4 19. Nxd4 (19. Bxd4 Bh6 20. f4 Nc5 $17
) 19... Nb4 20. a3 (20. Nb3 Rxd2 21. Qxd2 Bc3 $17) (20. Qb3 Bxd4 $1 21. Qxc4
Bxe3+ 22. Rdf2 Nd3 $19) 20... Qc3 $1 21. Re1 Qxa3 22. Nb5 Rxd2 23. Bxd2 (23.
Qxd2 Qa5 24. Nc7 Nc2 $1 $17) 23... Qb2 24. Qc1 Nd3 25. Qxb2 Bxb2 26. Rd1 a5 $1
(26... a6 27. Bh6 Rd8 28. Nc7 Bd4+ 29. Kf1 Nb2 30. Rd2 Nc4 31. Rd1 $13) 27. Bh6
(27. Be3 Nc5 28. Rd6 Rb8 $17) 27... Rd8 28. Be3 $5 (28. Kf1 Rd7 29. Ke2 Nc5 30.
Rxd7 Nxd7 31. Kd3 $17) 28... a4 29. Kf1 (29. Bxb6 Rb8 30. Rxd3 Rxb6 $19) 29...
Rd7 (29... a3 $2 30. Nxa3 Bxa3 31. Ke2 $10) 30. Ke2 Ne5 31. Rxd7 Nxd7 32. Kd3
Ne5+ 33. Kc2 Nc4 34. Bxb6 a3 35. Bd4 $8 Bxd4 36. Nxd4 a2 37. Nb3 Ne3+ 38. Kb2
Nxg2 39. Kxa2 Kg7 40. Kb2 Kf6 41. Kc1 $6 (41. Kc3 $5 Ne1 42. f4 Ng2 43. f5 gxf5
44. exf5 Kxf5 $17) 41... Kg5 42. Nd4 Kh4 43. Nc6 Kh3 (43... Ne1 44. Ne5 f6 45.
Kd2 fxe5 46. Kxe1 g5 47. Kf2 Kh3 48. Kg1 h6 49. Kh1 h5 50. Kg1 h4 51. Kh1 g4
52. fxg4 Kxg4 53. Kg2 Kf4 $19) 44. Ne5 f5 $1 $19 45. Nf7 Kxh2 46. e5 Nf4 47.
Kd2 h5 48. Ng5 h4 0-1

[Event "Helsinki op"]
[Site "Helsinki"]
[Date "1992.??.??"]
[Round "8"]
[White "Piskov, Yury"]
[Black "Dvoirys, Semen I"]
[Result "0-1"]
[WhiteElo "2500"]
[BlackElo "2570"]
[Annotator "Ftacnik,L"]
[PlyCount "70"]
[EventDate "1992.09.??"]
[EventType "swiss"]
[EventRounds "9"]
[EventCountry "FIN"]
[SourceTitle "CBM 032"]
[Source "ChessBase"]
[SourceDate "1993.02.01"]
[SourceVersion "1"]
[SourceVersionDate "1993.02.01"]
[SourceQuality "1"]

1. d4 Nf6 2. c4 g6 3. Nc3 d5 4. cxd5 Nxd5 5. e4 Nxc3 6. bxc3 Bg7 7. Be3 c5 8.
Qd2 Qa5 9. Rb1 b6 10. Bb5+ Bd7 11. Be2 (11. Bd3 Nc6 12. Nf3 O-O 13. Rc1 e6 14.
d5 exd5 15. exd5 Ne5 16. Nxe5 Bxe5 17. c4 Qxd2+ 18. Kxd2 f5 19. f4 Bf6 20. Rhe1
Rfe8 $10 {Tunik-Atalik/Budapest/1992/}) 11... Nc6 12. Nf3 O-O 13. Rc1 cxd4 14.
cxd4 Rfc8 (14... Qxd2+ 15. Kxd2 e6 16. Bb5 Rac8 17. a4 Rfd8 18. Bg5 f6 19. Be3
Nb8 {Karpov,An-Gulko,B/Moskva/1992/}) 15. Qxa5 Nxa5 16. Kd2 b5 17. Rxc8+ Rxc8
18. Rc1 Nc4+ $6 (18... Rxc1 19. Kxc1 $14) 19. Bxc4 bxc4 20. Kc3 e6 21. Nd2 (21.
Rb1) 21... Bb5 22. Rb1 a6 23. e5 f5 24. exf6 Bxf6 25. Ne4 Be7 26. f3 Bd8 27.
Nc5 Ba5+ 28. Kc2 e5 29. a4 $6 (29. dxe5 $1 Bb6 30. Nxa6 Ba4+ 31. Kd2 c3+ 32.
Ke2 Bxe3 33. Kxe3 c2 34. Rc1 Rd8 35. Nb4 Rd1 36. Rxc2 Bxc2 37. Nxc2 $14) 29...
exd4 30. axb5 dxe3 31. Nb7 Bd2 32. Nd6 Rb8 33. b6 (33. Nxc4 Rxb5 34. Nxd2 exd2
35. Rxb5 axb5 36. Kxd2 Kf7 37. Kc3 Kf6 38. Kb4 Ke5 39. g3 Kd4 40. Kxb5 Ke3 41.
f4 Kf3 42. Kc4 h5 43. Kd3 Kg2 44. Ke3 Kxh2 45. Kf2 $10) 33... c3 34. Nc4 $2 (
34. Ne4 Rxb6 35. Rxb6 e2 36. Rb1 e1=Q 37. Rxe1 Bxe1 38. Nc5 a5 39. Nb3 a4 40.
Nc5 a3 41. Kb3 Bd2 42. Nd3 $10) 34... a5 35. Kd1 (35. b7 a4 36. h3 Rxb7 37.
Rxb7 e2 38. Rb1 e1=Q 39. Rxe1 Bxe1 $19) 35... e2+ (35... e2+ 36. Kxe2 c2 37.
Nxd2 cxb1=Q 38. Nxb1 Rxb6 $19) 0-1

[Event "Alekhine Memorial"]
[Site "Moscow"]
[Date "1992.??.??"]
[Round "?"]
[White "Karpov, Anatoly"]
[Black "Timman, Jan H"]
[Result "1-0"]
[WhiteElo "2715"]
[BlackElo "2665"]
[Annotator "Ftacnik,L"]
[PlyCount "111"]
[EventDate "1992.11.??"]
[EventType "tourn"]
[EventRounds "7"]
[EventCountry "RUS"]
[EventCategory "18"]
[SourceTitle "CBM 033"]
[Source "ChessBase"]
[SourceDate "1993.04.01"]
[SourceVersion "1"]
[SourceVersionDate "1993.04.01"]
[SourceQuality "1"]

1. d4 Nf6 2. c4 g6 3. Nc3 d5 4. cxd5 Nxd5 5. e4 Nxc3 6. bxc3 Bg7 7. Be3 c5 8.
Qd2 Qa5 9. Rb1 b6 10. Bb5+ Bd7 11. Be2 Nc6 12. Nf3 Rd8 13. Rc1 cxd4 14. cxd4
Qxd2+ 15. Kxd2 f5 16. exf5 gxf5 17. g3 O-O 18. Rhd1 Kh8 (18... e5 19. dxe5 (19.
d5 f4 $1) 19... Nxe5 20. Nxe5 Bxe5 $132) 19. Ke1 Nb4 20. Rc7 a5 21. Rb1 Nd5 22.
Ra7 Be6 $6 (22... f4 23. gxf4 Nxf4 24. Bxf4 Rxf4 25. Rxb6 Bg4 26. Ne5 Bxe5 27.
dxe5 Re4 28. Rb2 Rxe5 $10) 23. Ne5 $1 Rd6 24. Bd2 Rc8 25. Ba6 Rcd8 26. a3 Bg8
27. Rc1 Bf6 28. Bd3 Be6 29. Bb5 Rg8 30. Bh6 Rb8 31. Rc6 Rbd8 32. Rxd6 exd6 33.
Bd7 $1 Rxd7 (33... Bxd7 34. Nf7+ Kg8 35. Nxd8 $18) (33... dxe5 34. Bxe6 exd4
35. Bxf5 $16) 34. Nxd7 Bxd4 35. Ra8+ Bg8 36. Rb8 a4 37. Kf1 Bb2 38. Nxb6 Nxb6
39. Rxb6 Bxa3 40. Rb8 Bc5 41. Ra8 a3 42. Bc1 Kg7 43. Bxa3 Bd5 44. Ra5 Bc4+ 45.
Kg2 Bd4 46. Rxf5 d5 47. f3 Kg6 48. g4 Bf6 49. Bc1 d4 50. Rc5 Be2 51. Kg3 Be7
52. Rc6+ Kf7 53. Rh6 Bd3 54. h4 Bb4 55. Bb2 Be1+ 56. Kg2 1-0

[Event "HUN-ch"]
[Site "Hungary"]
[Date "1992.??.??"]
[Round "5"]
[White "Chernin, Alexander"]
[Black "Horvath, Csaba"]
[Result "1-0"]
[WhiteElo "2600"]
[BlackElo "2515"]
[Annotator "Ftacnik,L"]
[PlyCount "85"]
[EventDate "1992.12.??"]
[EventType "tourn"]
[EventRounds "11"]
[EventCountry "HUN"]
[EventCategory "11"]
[SourceTitle "CBM 034"]
[Source "ChessBase"]
[SourceDate "1993.06.01"]
[SourceVersion "1"]
[SourceVersionDate "1993.06.01"]
[SourceQuality "1"]

1. d4 Nf6 2. c4 g6 3. Nc3 d5 4. cxd5 Nxd5 5. e4 Nxc3 6. bxc3 Bg7 7. Nf3 c5 8.
Rb1 O-O 9. Be2 cxd4 10. cxd4 Qa5+ 11. Bd2 Qxa2 12. O-O Bg4 13. Be3 $5 b6 14.
Qd3 $5 (14. Ra1 $5 Qe6 15. h3 Bxf3 16. Bxf3 a5 $6 17. e5 Ra7 18. Qb1 $1 $16 {
Chernin,A-Gorjachkin/Neu Isenburg/1991/}) 14... Rd8 $6 15. Rfc1 $1 Nd7 (15...
Bxf3 $5 16. Bxf3 Nd7 $13) 16. Ra1 Qe6 17. Ng5 $1 Bxe2 18. Qxe2 Qd6 (18... Qf6
$2 19. e5 Qf5 20. g4 $18) 19. Qa2 $1 e6 20. e5 Nxe5 (20... Qd5 21. Qxd5 exd5
22. e6 fxe6 23. Nxe6 $16) (20... Qb8 21. Ne4 $16) 21. dxe5 Bxe5 22. h4 $1 Kg7 (
22... Bxa1 23. Qxa1 e5 (23... Qd5 24. Rc7 Rf8 (24... Rd7 25. Rxd7 Qxd7 26. Ne4
$16) 25. Bd4 $16) 24. Ne4 Qe6 25. Bg5 Rdc8 26. Re1 $16) 23. Rab1 Qd5 24. Qe2 h6
25. Rd1 Qb7 26. Nf3 Bf6 27. Qc4 e5 28. h5 $1 gxh5 (28... g5 29. Qg4 $1 Qc8 30.
Qe4 $16) 29. Qe2 Qe7 30. Nh2 Bg5 (30... h4 31. Qg4+ Kh7 (31... Bg5 32. Nf3 f6
33. Nxh4 $18) 32. Qf5+ Kg7 33. Ng4 $18) 31. Qxh5 Bxe3 32. fxe3 Qg5 33. Qf3 Qf6
34. Qe4 Rxd1+ 35. Rxd1 Re8 36. Rf1 Qg6 37. Rf5 $1 h5 $2 38. Qf3 h4 39. Ng4 h3
40. gxh3 f6 41. Rxf6 Qb1+ 42. Kg2 Qa2+ 43. Kg3 1-0